| 000 | 00992pam a2200289 a 4500 | ||
|---|---|---|---|
| 001 | 015659251 | ||
| 003 | OSt | ||
| 005 | 20141015104455.0 | ||
| 008 | 100921s2011 xxkadk frbd f001 0 eng d | ||
| 020 | _a9780335237463 (pbk.) | ||
| 020 | _a0335237460 (pbk.) | ||
| 040 |
_aStDuBDS _beng _cStDuBDS _dUk _dEG-ScBUE |
||
| 082 | 0 | 0 |
_a616.89 _222 _bBEN |
| 100 | 1 |
_aBennett, Paul, _d1942- _936167 |
|
| 245 | 1 | 0 |
_aAbnormal and clinical psychology : _ban introductory textbook / _cPaul Bennett. |
| 250 | _a3rd ed. | ||
| 260 |
_aMaidenhead, United Kingdom : _bOpen University Press : _bMcGraw-Hill Education, _c2011 _e([Madrid] : _fGrafo, S. A.) |
||
| 300 |
_aix, 533 p. : _bcharts, forms, tables ; _c25 cm. |
||
| 500 | _aGlossary : p. 445-447. | ||
| 500 | _aIndex : p. 512-533. | ||
| 504 | _aBibliography : p. 448-511. | ||
| 650 | 0 |
_aClinical psychology _930633 |
|
| 650 | 0 |
_aPsychology, Pathological _936168 |
|
| 653 |
_bPPhrm _cOctober2014 |
||
| 655 |
_vtext book _933728 |
||
| 942 |
_2ddc _k616.89 BEN |
||
| 999 |
_c18438 _d18410 |
||